Hidden fields of Tutankhamun : from identification to interpretation of newly discovered plant material from the Pharaoh's grave /

محفوظ في:

المؤلف الرئيسي: Vartavan, Christian de (مؤلف)

مؤلفون آخرون: Boodle, Leonard A.

التنسيق: كتاب

اللغة: English

منشور في: London : Triade Exploration, 2002.

الطبعة: 2nd rev. ed.

سلاسل: Triade Exploration's opus magnum series. Egyptology ; 2.

الموضوعات:

الوسوم: إضافة وسم

لا توجد وسوم, كن أول من يضع وسما على هذه التسجيلة!

رقم الطلب: CC79.5 .P5 V372 2002

LEADER 01288namaa2200289 4500
001 23454
003 OSt
005 20251029104923.0
008 130303s2002 enkaf b 000 0 eng d
040 |c ARCE Library 
043 |a f-ua--- 
050 4 |a CC79.5 .P5 V372 2002 
100 1 |a Vartavan, Christian de,  |e author  |9 41574 
245 1 0 |a Hidden fields of Tutankhamun :   |b from identification to interpretation of newly discovered plant material from the Pharaoh's grave /   |c Christian de Vartavan ; with an appendix by Leonard A. Boodle. 
250 |a 2nd rev. ed. 
264 1 |a London :  |b Triade Exploration,  |c 2002. 
300 |a 212 pages, x, 45 leaves of plates :   |b illustrations (some color) ;   |c 29 cm. 
490 0 |a Triade Exploration's opus magnum series. Egyptology ;  |v 2. 
500 |a "The present study is the revised text of a doctoral dissertation ... entitled: 'Combined-systems' analysis for the interpretation of the plant remains from Tutankhamun's tomb'"--P. 15. 
504 |a Includes bibliographical references (p. 199-204). 
600 0 0 |a Tutankhamen,  |c King of Egypt  |x Tomb. 
650 0 |a Plant remains (Archaeology)  |z Egypt. 
650 0 |a Botany  |z Egypt. 
650 0 |a Paleoethnobotany   |z Egypt. 
700 1 |a Boodle, Leonard A.  |9 27027 
942 |c BK  |2 lcc 
999 |c 23517  |d 23517